<?xml version="1.0" encoding="UTF-8"?>
<marc:record xmlns:marc="http://www.loc.gov/MARC21/slim">
   <marc:leader>00000nam a2200000 a 4500</marc:leader>
   <marc:datafield ind1="1" ind2=" " tag="100">
      <marc:subfield code="a">Hall, Juliet</marc:subfield>
      <marc:subfield code="4">aut</marc:subfield>
      <marc:subfield code="e">Verfasser/-in</marc:subfield>
   </marc:datafield>
   <marc:datafield ind1=" " ind2=" " tag="653">
      <marc:subfield code="a">Familienromane</marc:subfield>
   </marc:datafield>
   <marc:datafield ind1=" " ind2=" " tag="653">
      <marc:subfield code="a">Sizilien</marc:subfield>
   </marc:datafield>
   <marc:datafield ind1=" " ind2=" " tag="653">
      <marc:subfield code="a">Familiengeheimnis</marc:subfield>
   </marc:datafield>
   <marc:datafield ind1="0" ind2="0" tag="245">
      <marc:subfield code="a">Ein verzauberter Sommer</marc:subfield>
   </marc:datafield>
   <marc:datafield ind1=" " ind2="1" tag="264">
      <marc:subfield code="b">Weltbild</marc:subfield>
      <marc:subfield code="c">2012</marc:subfield>
   </marc:datafield>
   <marc:datafield ind1="1" ind2=" " tag="520">
      <marc:subfield code="a">Die Engländerin Tess erbt eine Villa auf Sizilien. Als sie in Cetaria ankommt, um das Haus zu begutachten, lernt sie Santina kennen, eine alte Freundin ihrer Mutter. Durch Santina erfährt Tess von einer dramatischen Liebesgeschichte ihrer Mutter, die ihr bislang verborgen blieb. Und dann lernt Tess den Künstler Tonino und Giovanni kennen, die aus zwei lange verfeindeten sizilianischen Familien stammen und auf der Suche nach einem alten Schatz sind. Tess spürt, dass dies alles etwas mit ihrem eigenen Leben zu tun hat. Nur was? Und schon bald verliert sie sich in den Schatten ihrer Vergangenheit. &lt;br/&gt;</marc:subfield>
   </marc:datafield>
   <marc:datafield ind1=" " ind2=" " tag="020">
      <marc:subfield code="a">9783868009545</marc:subfield>
      <marc:subfield code="9">9783868009545</marc:subfield>
   </marc:datafield>
</marc:record>
